[Event "Mogliano Veneto op-C 31st"]
[Site "Mogliano Veneto"]
[Date "2010.05.01"]
[Round "2"]
[White "Fochesato, Davide"]
[Black "Aprile, Massimo"]
[Result "1/2-1/2"]
[WhiteElo "1500"]
[BlackElo "1476"]
[PlyCount "28"]
[EventDate "2010.04.30"]
[EventType "swiss"]
[EventRounds "5"]
[EventCountry "ITA"]
[SourceTitle "EXT 2023"]
[Source "ChessBase"]
[SourceDate "2022.10.05"]
[SourceVersion "1"]
[SourceVersionDate "2022.10.05"]
[SourceQuality "1"]

1. e4 e6 2. d4 d5 3. e5 c5 4. c3 cxd4 5. cxd4 Bb4+ 6. Nc3 Qa5 7. Bd2 Ne7 8. a3 Bxc3 9. Bxc3 Qb6 10. Nf3 Bd7 11. Bd3 Bb5 12. 0-0 Nbc6 13. Bxb5 Qxb5 14. Qd2 Rc8 1/2-1/2

[Event "Noale Szabados Memorial-B 3rd"]
[Site "Noale"]
[Date "2010.02.06"]
[Round "3"]
[White "Fochesato, Davide"]
[Black "Franceschi, Marcello"]
[Result "1/2-1/2"]
[WhiteElo "1428"]
[BlackElo "1377"]
[PlyCount "56"]
[EventDate "2010.02.05"]
[EventType "swiss"]
[EventRounds "5"]
[EventCountry "ITA"]
[SourceTitle "EXT 2022"]
[Source "ChessBase"]
[SourceDate "2021.10.06"]
[SourceVersion "1"]
[SourceVersionDate "2021.10.06"]
[SourceQuality "1"]

1. e4 e6 2. d4 d5 3. Nd2 Nf6 4. e5 Nfd7 5. Bd3 c5 6. c3 Nc6 7. Ngf3 g6 8. 0-0 Bg7 9. b3 0-0 10. Bb2 f6 11. exf6 Bxf6 12. dxc5 Nxc5 13. Qc2 e5 14. Be2 e4 15. Nd4 Ne6 16. Nxc6 bxc6 17. Rad1 Nf4 18. Rfe1 Bf5 19. Qc1 Qc8 20. Bf1 Re8 21. c4 Bxb2 22. Qxb2 Rb8 23. Nb1 Nd3 24. Bxd3 exd3 25. Rxe8+ Qxe8 26. cxd5 cxd5 27. Qd4 Rd8 28. Nc3 Qf7 1/2-1/2